عرض عادي عرض مارك
  • Meere, Patrick A.,

مدخل إسم شخص

عدد التسجيلات المستخدمة في: 1

001 - رقم الضبط

  • حقل الضبط: 118810

003 - معرف رقم الضبط

  • حقل الضبط: OSt

005 - تاريخ ووقت أخر عملية

  • حقل الضبط: 20241114132453.0

008 - عناصر بيانات ثابتة الطول

  • حقل تحكم ثابت الطول: 241114|| aca||aabn | a|a d

040 ## - مصدر الفهرسة

  • هيئة الفهرسة الأصلية: OSt
  • وكالة الكتابة: OSt

100 ## - مدخل -- أسم شخص

  • إسم شخص: Meere, Patrick A.,
  • العنوان و الكلمات الأخري المرتبطة بالأسم: MD,

670 ## - بيانات المصدر موجوده

  • الاستشهاد بالمصدر: Work cat.: (OSt): Basic biomechanics of the musculoskeletal system /